Cinq plus grandes villes américaines par fuseau horaire - Statistiques

Statistiques générales
  • Ce quiz a été pris 103 fois
  • Le résultat moyen est 15 sur 30
Statistiques - réponses
Population Ville % Correct
8,336,817 New York
100%
3,979,576 Los Angeles
98%
881,549 San Francisco
93%
2,693,976 Chicago
92%
1,343,573 Dallas
91%
2,320,268 Houston
87%
753,675 Seattle
87%
337,256 Honolulu
82%
1,423,851 San Diego
82%
727,211 Denver
77%
1,584,064 Philadelphie
67%
291,538 Anchorage
63%
32,113 Juneau
60%
1,680,992 Phoenix
59%
978,908 Austin
53%
1,547,253 San Antonio
51%
885,708 Charlotte
50%
1,021,795 San José
47%
911,507 Jacksonville
46%
560,513 Albuquerque
30%
31,516 Fairbanks
28%
898,553 Columbus
18%
548,073 Tucson
15%
518,012 Mesa
10%
43,263 Hilo
5%
8,647 Sitka
3%
49,914 East Honolulu
2%
38,635 Kaliua
2%
47,698 Pearl City
1%
10,529 Wasilla
1%
Aucun quiz correspondant
Distribution des résultats
% des personnes avec chaque résultat
Percentile par nombre de réponses
Votre historique - résultats
Vous n’avez pas pris ce quiz